00000000nam##2200000za#4500
0019.643101
003CaOODSP
00520210624224019
007cr |||||||||||
008150407|2003||||xxc|||||o    f|0| 0 fre|d
040 |aCaOODSP|bfre
043 |an-cn---
0861 |aEn14-156/2003F-PDF
1101 |aCanada. |bEnvironnement Canada.
24510|aGuide d'approvisionnement en carburants à faible teneur en soufre / |h[ressource électronique]|cpréparé conjointement par Environnement Canada et Les Ami(e)s de la Terre.
260 |aOttawa - Ontario : |bEnvironnement Canada |cc2003.
300 |a20p.|bglossaire, graphiques, tableaux, photographies
590 |a14-21-Supp|b2014-12-11
69107|aCarburant|2gcpds
69107|aQualité de l'air|2gcpds
77508|tLow sulphur fuels procurement guide / |w(CaOODSP)9.699059
85640|ahttp://publications.gc.ca|qPDF|s374 Ko|uhttps://publications.gc.ca/collections/collection_2014/ec/En14-156-2003-fra.pdf